Charlotte City Quiz - Statistics

General Stats
  • This quiz has been taken 6 times
  • The average score is 9 of 10
Answer Stats
Hint Answer % Correct
The NFL team that plays here Carolina Panthers
100%
Fill in the blank: Charlotte _______ International Airport Douglas
100%
The hall of fame located in downtown Charlotte NASCAR Hall of Fame
100%
The state the city borders South Carolina
100%
The college conference that holds many tournaments here Atlantic Coast Conference
83%
Its tallest building Bank of America Corporate Center
83%
County that Charlotte is located in Mecklenburg
83%
The region of North Carolina it is in Piedmont
83%
The thing that Charlotte is second only to NYC in the U.S. for Banking
67%
The river that runs near Charlotte Catawba
67%
No matching quizzes found
Score Distribution
Percent of People with Each Score
Percentile by Number Answered
Your Score History
You have not taken this quiz